| 000 | 01577nam a22002657a 4500 | ||
|---|---|---|---|
| 999 |
_c353689 _d353689 |
||
| 001 | 67501 | ||
| 003 | UA-OsUOA | ||
| 005 | 20230504161306.0 | ||
| 007 | ta | ||
| 008 | 20100225b un ||||| |||| 00| 0 ukr d | ||
| 020 | _a978-966-580-302-7 | ||
| 040 |
_aUA-OsUOA _bukr _cUA-OsUOA _dUA-OsUOA |
||
| 041 | _aukr | ||
| 080 | _a81"33(075.8) | ||
| 090 |
_a81"33(075.8) _bБ31 |
||
| 100 | _aБацевич Ф. С. | ||
| 245 |
_aОснови комунікативної лінгвістики _bпідручник |
||
| 260 |
_aК. _bАкадемія _c2009 |
||
| 300 | _a376 с. | ||
| 520 | _aУміння спілкуватися є свідченням інтелектуального рівня, культури особистості, відкриває їй доступ до нових можливостей у самореалізації. На формування його спрямований цей підручник, у якому систематизовано актуальні проблеми комунікативної лінгвістики, розкрито закони спілкування за допомогою мови, організацію засобів мовного коду, вплив на мову психічних, соціальних, культурних чинників тощо. | ||
| 650 | 7 |
_a8 Мовознавство. Художня література. Літературознавство _2UDC |
|
| 942 |
_cBK _2udc |
||
| 955 | _a2 | ||